Fr. Conceicao Rodrigues College of Engineering

Matrices (Record no. 21166)

MARC details
000 -LEADER
fixed length control field 00293nam a2200145Ia 4500
082 ## - DEWEY DECIMAL CLASSIFICATION NUMBER
Classification number 512.9432
Item number SHA
100 ## - MAIN ENTRY--PERSONAL NAME
Personal name Shahane
245 ## - TITLE STATEMENT
Title Matrices
260 ## - PUBLICATION, DISTRIBUTION, ETC.
Name of publisher, distributor, etc. Engineeing book pub .co
Place of publication, distribution, etc. Pune
Date of publication, distribution, etc. 1968
300 ## - PHYSICAL DESCRIPTION
Extent 376
546 ## - LANGUAGE NOTE
Language note ENGLISH
654 ## - SUBJECT ADDED ENTRY--FACETED TOPICAL TERMS
Focus term matrices
942 ## - ADDED ENTRY ELEMENTS (KOHA)
Koha item type BOOK
Holdings
Withdrawn status Lost status Damaged status Not for loan Collection Home library Current library Shelving location Date acquired Cost, normal purchase price Total Checkouts Full call number Barcode Date last seen Cost, replacement price Price effective from Koha item type
        CRC Fr. Agnel's C.Rodrigues College of Engineering Fr. Agnel's C.Rodrigues College of Engineering   17/03/2023 15.00   512.9432 SHA 554 17/03/2023 15.00 17/03/2023 BOOK